| 000 | 00677nam a2200241Ia 4500 | ||
|---|---|---|---|
| 003 | OSt | ||
| 005 | 20220924115021.0 | ||
| 006 | a|||||r|||| 00| 0 | ||
| 007 | ta | ||
| 008 | 220923b |||||||| |||| 00| 0 san d | ||
| 024 | _a58561 | ||
| 037 | _cTextual | ||
| 040 |
_aARTS _cARTS _bsan |
||
| 041 |
_2san _asan |
||
| 082 | _aQ127,25, 15K4 | ||
| 100 |
_aGoswami Sitanath ed _9176445 |
||
| 245 | 0 | _aIsopanisad with English and Bengali translation | |
| 260 |
_aCalcutta _bSanskrit Pustak Bhandar India _c1964 |
||
| 300 |
_a165p. _ccm. |
||
| 650 | _aRELIGION | ||
| 942 |
_hQ127,25, 15K4 _cTEXL _2CC |
||
| 999 |
_c396395 _d396395 |
||